Counter Strike - Every Fnatic Player in history - Statistics

General Stats
  • This quiz has been taken 5 times
  • The average score is 17 of 50
Answer Stats
joined in Map played Total rating Highest rank Country Player % Correct
2013 1654 1.12 1 JW
100%
2014 Still going 1.06 1 KRIMZ
100%
2021 349 1.09 9 mezii
100%
2023 213 0.97 21 bodyy
75%
2025 94 1.00 23 CYPHER
75%
2013 1425 1.15 1 flusha
75%
2014 762 1.18 1 olofmeister
75%
2013 555 0.91 1 pronax
75%
2021 60 1.13 11 smooya
75%
2023 229 1.05 14 afro
50%
2021 136 0.99 11 ALEX
50%
2024 426 1.21 21 blameF
50%
2018 598 1.10 1 Brollan
50%
2015 353 1.10 1 dennis
50%
2013 165 0.87 - Devilwalk
50%
2023 50 0.88 14 dexter
50%
2025 Still going 1.10 22 jambo
50%
2026 43 0.92 31 Maden
50%
2023 367 1.13 21 MATYS
50%
2022 4 1.02 14 regali
50%
2013 166 1.10 - znajder
50%
2026 Still going 0.87 37 Br4ktO
25%
2025 82 0.98 29 Burmylov
25%
2016 27 0.87 8 disco doplan
25%
2022 144 1.02 9 FASHR
25%
2025 Still going 0.89 22 fEAR
25%
2017 542 0.92 1 Golden
25%
2025 Still going 1.08 22 Jackasmo
25%
2021 73 0.98 10 Jackinho
25%
2013 37 0.93 - karrigan
25%
2023 87 1.01 30 kyuubii
25%
2024 34 0.93 26 nawwk
25%
2022 163 1.08 9 nicoodoz
25%
2022 16 0.81 15 poizon
25%
2022 213 1.06 9 roej
25%
2016 252 1.12 5 twist
25%
2018 38 0.94 8 draken
0%
2012 116 1.03 - Friis
0%
2022 13 0.92 33 HEAP
0%
2013 16 1.02 - JOKERN
0%
2016 257 1.11 2 Lekr0
0%
2012 161 1.09 - MODDII
0%
2021 43 0.93 13 Peppzor
0%
2016 10 0.74 1 PlesseN
0%
2012 26 1.08 - Rytter
0%
2013 57 0.93 - stingeR
0%
2012 120 0.97 - trace
0%
2016 74 0.96 2 wenton
0%
2018 215 0.91 5 Xizt
0%
2013 113 1.11 - Xyp9x
0%
No matching quizzes found
Score Distribution
Percent of People with Each Score
Percentile by Number Answered
Your Score History
You have not taken this quiz